Actors That Have Worked with M. Night Shyamalan - Statistics

General Stats
  • This quiz has been taken 51 times
    21 since last reset
  • The average score is 11 of 39
Answer Stats
Movies Actor % Correct
The Sixth Sense, Unbreakable, Split, Glass Bruce Willis
100%
Unbreakable, Glass Samuel L. Jackson
94%
After Earth Jaden Smith
76%
After Earth Will Smith
76%
The Sixth Sense Haley Joel Osment
65%
Signs, The Village Joaquin Phoenix
65%
Split, Glass James McAvoy
59%
Signs Mel Gibson
59%
Knock at the Cabin Dave Bautista
35%
The Sixth Sense Donnie Wahlberg
35%
The Happening Mark Wahlberg
35%
The Village Adrien Brody
29%
Split, Glass Anya Taylor Joy
29%
The Village, Lady in the Water Bryce Dallas Howard
29%
Knock at the Cabin, Servant Rupert Grint
29%
The Sixth Sense Toni Collette
29%
Lady in the Water Paul Giamatti
18%
The Village Sigourney Weaver
18%
The Happening Zooey Deschanel
18%
Signs Abigail Breslin
12%
The Village Brendan Gleeson
12%
Avatar The Last Airbender Dev Patel
12%
Lady in the Water Jeffrey Wright
12%
The Village Jesse Eisenberg
12%
The Happening John Leguizamo
12%
Trap Josh Hartnett
12%
The Sixth Sense Olivia Williams
12%
Old Thomasin McKenzie
12%
The Village William Hurt
12%
After Earth Zoe Kravitz
12%
Trap Alison Pill
6%
Lady in the Water Bob Balaban
6%
The Village Judy Greer
6%
The Happening Kristen Connolly
6%
Wide Awake Robert Loggia
6%
Unbreakable Robin Wright
6%
Old Rufus Sewell
6%
Lady in the Water Freddy Rodriguez
0%
The Village Michael Pitt
0%
No matching quizzes found
Score Distribution
Percent of People with Each Score
Percentile by Number Answered
Your Score History
You have not taken this quiz since the last reset